000
00303nam a22001337a 4500
008
260218b ||||| |||| 00| 0 eng d
020
_a
9788800806558
041
_a
ital
080
_8
2.1
_a
2.1
100
_a
20.1
101
_a
Ital
245
_a
Aperitivo A Firenze
_c
Sandro Cappelli
942
_2
lcc
_c
BK
999
_c
60807
_d
60807